000 00932nam a2200229Ii 4500
003 JO-AjNU
008 230605s9999||||xx |||||||||||||| ||und||
017 _a2007/67/65
020 _a978-99901-06-69-5
040 _aJO-AjNU
_bara
_erda
_cJO-AjNU
041 _aara
050 1 4 _ak3400.2010
100 3 _aشيحا، إبراهيم عبد العزيز,
_eauthor
_953115
245 0 0 _aالقانون الإداري البحريني : ماهية القانون الإداري - تنظيم الإدارة العامة - نشاط الإدارة العامة
250 _aط2
264 3 1 _aالبحرين : جامعة البحرين ، 2010
300 _a475ص
336 _atext
_btxt
_2rdacontent
337 _aunmediated
_bn
_2rdamedia
338 _avolume
_bnc
_2rdacarrier
650 4 _aالقانون الإداري -- البحرين -- الإدارة العامة -- قوانين وتشريعات -- البحرين
_953116
999 _aA23570
_c27138
_d27138